00325nam a2200121Ia 4500008004100000024001500041082001700056100001800073245002800091260002500119600002100144650003800165250506s9999 xx 000 0 und d a11B-112-BS a005.1072 SAR aSarmad Jamali 0aGeneric ERP (code book) aKarachi:bUIT,c2011 aComputer Science aBachelor of Computer Science (BS)